Naruto: Hand Signs - Statistics

General Stats
  • This quiz has been taken 1,338 times
  • The average score is 8 of 12
Answer Stats
Hint Answer % Correct
11 Tiger
83%
5 Boar
72%
12 Dog
72%
6 Snake
68%
1 Dragon
67%
2 Monkey
65%
3 Horse
63%
8 Ox
59%
4 Bird
57%
10 Rat
55%
9 Hare
47%
7 Ram
47%
No matching quizzes found
Score Distribution
Percent of People with Each Score
Percentile by Number Answered
Your Score History
You have not taken this quiz